[Event "Moscow op-C"]
[Site "Moscow"]
[Date "2011.02.06"]
[Round "9"]
[White "Grinenko, Viktor"]
[Black "Koreschikov, Maxim"]
[Result "0-1"]
[WhiteElo "1981"]
[BlackElo "2309"]
[PlyCount "51"]
[EventDate "2011.01.29"]
[EventType "swiss"]
[EventRounds "9"]
[EventCountry "RUS"]
[SourceTitle "EXT 2012"]
[Source "ChessBase"]
[SourceDate "2011.11.24"]
[SourceVersion "1"]
[SourceVersionDate "2011.11.24"]
[SourceQuality "1"]

1. d4 g6 2. c4 Bg7 3. Nc3 c5 4. e3 Nh6 5. Nf3 0-0 6. Be2 Nf5 7. dxc5 Na6 8. e4 Nh6 9. 0-0 Nxc5 10. Qc2 d6 11. e5 Bf5 12. Qd1 dxe5 13. Nxe5 Qc7 14. Ng4 Nxg4 15. Bxg4 e6 16. Bxf5 gxf5 17. Qh5 Kh8 18. Nb5 Qc6 19. Be3 Nd3 20. Rad1 Nxb2 21. Rd4 e5 22. Rh4 Qg6 23. Qe2 f4 24. Bc1 Nd3 25. Rg4 Qh5 26. f3 0-1

[Event "Moscow op-C"]
[Site "Moscow"]
[Date "2011.02.05"]
[Round "8"]
[White "Koreschikov, Maxim"]
[Black "Omariev, Maksim"]
[Result "0-1"]
[WhiteElo "2309"]
[BlackElo "2335"]
[PlyCount "48"]
[EventDate "2011.01.29"]
[EventType "swiss"]
[EventRounds "9"]
[EventCountry "RUS"]
[SourceTitle "EXT 2012"]
[Source "ChessBase"]
[SourceDate "2011.11.24"]
[SourceVersion "1"]
[SourceVersionDate "2011.11.24"]
[SourceQuality "1"]

1. d4 d5 2. Nf3 Nf6 3. c4 c6 4. e3 Bf5 5. cxd5 cxd5 6. Nc3 Nc6 7. Qb3 Rb8 8. Ne5 e6 9. Qa4 Qb6 10. Bb5 Rc8 11. Bd2 a6 12. Bd3 Bxd3 13. Nxd3 Bd6 14. 0-0 0-0 15. b4 e5 16. Nc5 exd4 17. exd4 Nxd4 18. Bg5 Bxc5 19. bxc5 Qxc5 20. Bxf6 gxf6 21. Rac1 b5 22. Qd1 b4 23. Ne4 Qxc1 24. Qxd4 dxe4 0-1

[Event "Moscow op-C"]
[Site "Moscow"]
[Date "2011.02.02"]
[Round "5"]
[White "Shukh, Nikolai"]
[Black "Koreschikov, Maxim"]
[Result "0-1"]
[WhiteElo "2442"]
[BlackElo "2309"]
[PlyCount "84"]
[EventDate "2011.01.29"]
[EventType "swiss"]
[EventRounds "9"]
[EventCountry "RUS"]
[SourceTitle "EXT 2012"]
[Source "ChessBase"]
[SourceDate "2011.11.24"]
[SourceVersion "1"]
[SourceVersionDate "2011.11.24"]
[SourceQuality "1"]

1. e4 g6 2. d4 Bg7 3. Nc3 c6 4. Bc4 d6 5. Nf3 Nf6 6. e5 dxe5 7. Nxe5 0-0 8. 0-0 Nd5 9. Qf3 Be6 10. Re1 Nd7 11. Bg5 N7b6 12. Bxd5 cxd5 13. Bh4 h6 14. Qe2 g5 15. Bg3 Bf5 16. Nd1 e6 17. Ne3 Be4 18. c3 a6 19. f3 Bh7 20. Rf1 f6 21. Nd3 Nc4 22. Rae1 Qd7 23. Nd1 Rfe8 24. Qd2 Qb5 25. Re3 Nb6 26. b3 Nd7 27. Rfe1 a5 28. Qe2 Bf5 29. N1b2 Qc6 30. c4 b5 31. cxb5 Qxb5 32. Na4 Bf8 33. Bf2 e5 34. Qd1 Rec8 35. Nc1 Bb4 36. Rf1 Rc2 37. Re2 Rxc1 38. Qxc1 Qxe2 39. Qc6 Ra6 40. Qxd5+ Be6 41. Qb7 Rd6 42. dxe5 Rd1 0-1

[Event "Moscow op-C"]
[Site "Moscow"]
[Date "2011.02.01"]
[Round "4"]
[White "Koreschikov, Maxim"]
[Black "Zimin, Alexey"]
[Result "1-0"]
[WhiteElo "2309"]
[BlackElo "2208"]
[PlyCount "133"]
[EventDate "2011.01.29"]
[EventType "swiss"]
[EventRounds "9"]
[EventCountry "RUS"]
[SourceTitle "EXT 2012"]
[Source "ChessBase"]
[SourceDate "2011.11.24"]
[SourceVersion "1"]
[SourceVersionDate "2011.11.24"]
[SourceQuality "1"]

1. d4 d5 2. Nf3 Nf6 3. c4 c6 4. e3 a6 5. Nc3 Bf5 6. Nh4 Bg6 7. Qb3 Ra7 8. Nxg6 hxg6 9. a4 e6 10. Bd2 Bd6 11. h3 Nbd7 12. Be2 g5 13. Qc2 Ra8 14. e4 Nxe4 15. Nxe4 dxe4 16. Qxe4 Rh4 17. Qd3 c5 18. d5 Ne5 19. Qb3 exd5 20. g3 dxc4 21. Qxb7 Rb8 22. Qg2 Rd4 23. Bc3 Bc7 24. 0-0 Qf6 25. Bxd4 cxd4 26. f4 gxf4 27. gxf4 Ng6 28. Bxc4 Nxf4 29. Qg4 Kf8 30. Ra3 g5 31. Raf3 Qe5 32. Qd7 Qe7 33. Qf5 Rxb2 34. Kh1 Rb6 35. Qh7 Qf6 36. Re1 Rb8 37. Bxa6 Re8 38. Rxe8+ Kxe8 39. Qg8+ Ke7 40. Bb5 Qe5 41. Qe8+ Kf6 42. Qh8+ Ke6 43. Bc4+ Kd6 44. Qf8+ Qe7 45. Qxe7+ Kxe7 46. Ra3 d3 47. a5 d2 48. Bb3 Bb8 49. Bd1 Kd6 50. a6 Ba7 51. Rc3 f5 52. Kh2 g4 53. hxg4 fxg4 54. Bxg4 Ne6 55. Rd3+ Nd4 56. Rxd2 Kc6 57. Rb2 Bb6 58. Kg2 Kc7 59. Kg3 Nc6 60. Bf3 Na7 61. Kf4 Bg1 62. Ke5 Nc8 63. Rb7+ Kd8 64. Rh7 Na7 65. Kd6 Nb5+ 66. Ke5 Bf2 67. Be2 1-0

[Event "Moscow op-C"]
[Site "Moscow"]
[Date "2011.01.31"]
[Round "3"]
[White "Piskun, Alexey"]
[Black "Koreschikov, Maxim"]
[Result "1/2-1/2"]
[WhiteElo "2213"]
[BlackElo "2309"]
[PlyCount "111"]
[EventDate "2011.01.29"]
[EventType "swiss"]
[EventRounds "9"]
[EventCountry "RUS"]
[SourceTitle "EXT 2012"]
[Source "ChessBase"]
[SourceDate "2011.11.24"]
[SourceVersion "1"]
[SourceVersionDate "2011.11.24"]
[SourceQuality "1"]

1. e4 g6 2. d4 Bg7 3. Nf3 d6 4. Be2 c6 5. c4 Bg4 6. Be3 Bxf3 7. Bxf3 Qb6 8. Qb3 Nd7 9. Qxb6 Nxb6 10. Nd2 c5 11. dxc5 dxc5 12. Bxc5 Bxb2 13. Rb1 Na4 14. Be3 Bc3 15. Rxb7 Nb6 16. 0-0 Bxd2 17. Bxd2 0-0-0 18. Bc3 Kxb7 19. Bxh8 f6 20. e5+ Kc7 21. Rd1 Rb8 22. exf6 Nxf6 23. Bxf6 exf6 24. h4 Nd7 25. Rd2 Rb1+ 26. Kh2 Rc1 27. Bd5 h6 28. Be6 Ne5 29. f4 Nxc4 30. Rd7+ Kb6 31. Rg7 g5 32. fxg5 fxg5 33. hxg5 hxg5 34. Rxg5 Nd2 35. Rg8 Re1 36. Bd5 Kc5 37. Bf7 Re2 38. Re8 Rf2 39. Bh5 Nb1 40. Rc8+ Kd6 41. a4 Ra2 42. Bg6 Nd2 43. Be8 Ke7 44. Ra8 Nf3+ 45. Kh3 Ng5+ 46. Kg3 Ne4+ 47. Kf4 Nc5 48. g4 Nxa4 49. Bh5 Nc5 50. Re8+ Kd7 51. Kf5 Ne6 52. Ra8 Ke7 53. Re8+ Kd7 54. Rb8 Rf2+ 55. Kg6 a5 56. Ra8 1/2-1/2

[Event "Uljanovsk op"]
[Site "Uljanovsk"]
[Date "2010.02.14"]
[Round "9"]
[White "Gerasimov, Ivan"]
[Black "Koreschikov, Maxim"]
[Result "1/2-1/2"]
[WhiteElo "2376"]
[BlackElo "2318"]
[PlyCount "30"]
[EventDate "2010.02.06"]
[EventType "swiss"]
[EventRounds "9"]
[EventCountry "RUS"]
[SourceTitle "CBM 134 Extra"]
[Source "ChessBase"]
[SourceDate "2010.03.03"]
[SourceVersion "1"]
[SourceVersionDate "2010.03.03"]
[SourceQuality "1"]

1. e4 e5 2. Nf3 Nc6 3. Bc4 Bc5 4. d3 Nf6 5. 0-0 0-0 6. c3 d6 7. Bb3 h6 8. Nbd2 d5 9. h3 dxe4 10. dxe4 Qe7 11. Qe2 Be6 12. Bxe6 Qxe6 13. Re1 a6 14. Nf1 Rad8 15. Ng3 Rd7 1/2-1/2

[Event "Uljanovsk op"]
[Site "Uljanovsk"]
[Date "2010.02.13"]
[Round "8"]
[White "Battalov, Bulat"]
[Black "Koreschikov, Maxim"]
[Result "0-1"]
[WhiteElo "2123"]
[BlackElo "2318"]
[PlyCount "122"]
[EventDate "2010.02.06"]
[EventType "swiss"]
[EventRounds "9"]
[EventCountry "RUS"]
[SourceTitle "CBM 134 Extra"]
[Source "ChessBase"]
[SourceDate "2010.03.03"]
[SourceVersion "1"]
[SourceVersionDate "2010.03.03"]
[SourceQuality "1"]

1. e4 Nc6 2. Nc3 Nf6 3. d4 d5 4. e5 Nd7 5. Nxd5 Ndb8 6. Bc4 e6 7. Ne3 Qxd4 8. Qxd4 Nxd4 9. c3 Ndc6 10. f4 b6 11. Be2 Bb7 12. Bf3 Nd7 13. Ne2 0-0-0 14. b4 Be7 15. 0-0 g5 16. Nc4 b5 17. Bxc6 Bxc6 18. Nd4 Bd5 19. Na5 gxf4 20. Ndc6 Rde8 21. Nxa7+ Kb8 22. N7c6+ Ka8 23. Bxf4 Rhg8 24. g3 Nb6 25. a4 bxa4 26. Be3 Rg7 27. Bh6 Rg6 28. Rxf7 Rxh6 29. Nxe7 Kb8 30. Nec6+ Kc8 31. Na7+ Kb8 32. Nb5 Rg8 33. Raf1 Rc8 34. Na3 Rh5 35. c4 Be4 36. c5 Nd5 37. b5 Nc3 38. Re1 Bd5 39. N3c4 Ne4 40. c6 Ng5 41. Rf6 Nf3+ 42. Rxf3 Bxf3 43. Nb7 Bd5 44. Ne3 Rxe5 45. Nc5 Bxc6 46. Nxa4 Rxb5 47. Rc1 Be4 48. Nc5 Rb1 49. Rxb1+ Bxb1 50. Nc4 Ba2 51. Ne5 Bd5 52. Kf2 Rf8+ 53. Ke2 Ka7 54. h4 h5 55. Ke3 Rf5 56. Ncd3 Kb6 57. Kd4 Rf1 58. Nf4 c5+ 59. Kc3 Re1 60. Nd7+ Kc6 61. Nxc5 Rc1+ 0-1

[Event "Uljanovsk op"]
[Site "Uljanovsk"]
[Date "2010.02.10"]
[Round "5"]
[White "Koreschikov, Maxim"]
[Black "Shur, Valery"]
[Result "1-0"]
[WhiteElo "2318"]
[BlackElo "2108"]
[PlyCount "98"]
[EventDate "2010.02.06"]
[EventType "swiss"]
[EventRounds "9"]
[EventCountry "RUS"]
[SourceTitle "CBM 134 Extra"]
[Source "ChessBase"]
[SourceDate "2010.03.03"]
[SourceVersion "1"]
[SourceVersionDate "2010.03.03"]
[SourceQuality "1"]

1. d4 d5 2. Nf3 c6 3. c4 e6 4. g4 dxc4 5. g5 b5 6. Bg2 Bb4+ 7. Nc3 Ne7 8. 0-0 Bb7 9. e4 Nd7 10. Qe2 Nb6 11. Bf4 Ng6 12. Bg3 Bd6 13. e5 Be7 14. Ne4 Nd5 15. Qd2 h6 16. h4 hxg5 17. hxg5 Qb6 18. a4 a6 19. Rfc1 Bb4 20. Nd6+ Kf8 21. Qc2 Ngf4 22. g6 f5 23. Nxf5 c5 24. axb5 axb5 25. Rxa8+ Bxa8 26. Ra1 Bb7 27. Nd6 Nxg2 28. Qe4 cxd4 29. Nxd4 Bxd6 30. Nxe6+ Ke7 31. Qf5 Nf6 32. exd6+ Kd7 33. Nxg7+ Kc6 34. Qxf6 Ne3 35. fxe3 Qxe3+ 36. Qf2 Qe4 37. Qg2 Qxg2+ 38. Kxg2 Rg8 39. Be5 b4 40. Kg3 Kd5 41. Re1 Bc8 42. Kh4 Rf8 43. Nh5 c3 44. g7 Rd8 45. bxc3 bxc3 46. g8Q+ Rxg8 47. Nf6+ Ke6 48. Nxg8 c2 49. Bg3+ Kf7 1-0

[Event "Uljanovsk op"]
[Site "Uljanovsk"]
[Date "2010.02.09"]
[Round "4"]
[White "Shestakov, Dmitry"]
[Black "Koreschikov, Maxim"]
[Result "1-0"]
[WhiteElo "2283"]
[BlackElo "2318"]
[PlyCount "117"]
[EventDate "2010.02.06"]
[EventType "swiss"]
[EventRounds "9"]
[EventCountry "RUS"]
[SourceTitle "CBM 134 Extra"]
[Source "ChessBase"]
[SourceDate "2010.03.03"]
[SourceVersion "1"]
[SourceVersionDate "2010.03.03"]
[SourceQuality "1"]

1. Nf3 g6 2. d4 Bg7 3. c4 c5 4. d5 e5 5. e4 d6 6. Nc3 Ne7 7. Bd3 0-0 8. Bd2 f5 9. a3 f4 10. Qe2 h6 11. h3 g5 12. Nh2 Ng6 13. Kd1 Nh4 14. f3 Na6 15. Kc2 Nc7 16. Rhb1 Bd7 17. Be1 Rb8 18. b4 b6 19. Nf1 Rf6 20. Nd2 Rg6 21. bxc5 dxc5 22. Nb5 a6 23. Nc3 Ne8 24. Rb2 Nd6 25. Rab1 Bf6 26. Nb3 Rc8 27. Nd2 Rb8 28. Nb3 Qc7 29. a4 Rc8 30. Ra2 Bd8 31. Rba1 h5 32. Bxh4 gxh4 33. Kc1 Kh7 34. Qf2 Bf6 35. Bf1 Rg7 36. Rb1 Qa7 37. Qb2 Rcg8 38. Qf2 Nxc4 39. Bxc4 Rxg2 40. Qxg2 Rxg2 41. Rxg2 Bxh3 42. Rd2 Bd7 43. Kc2 h3 44. Nc1 Qb8 45. Bxa6 Qd6 46. Bb5 Bc8 47. Nd3 Bh4 48. Nb2 c4 49. Nxc4 Qc5 50. d6 Be6 51. d7 Bd8 52. Nd6 Qc7 53. Nf5 Bf6 54. Rd6 Bxf5 55. Rxf6 Bxd7 56. Rf7+ Kg6 57. Rxd7 Qc5 58. Rd2 Kg5 59. Rh1 1-0

[Event "Uljanovsk op"]
[Site "Uljanovsk"]
[Date "2010.02.07"]
[Round "2"]
[White "Paushkin, Nikita"]
[Black "Koreschikov, Maxim"]
[Result "0-1"]
[WhiteElo "2124"]
[BlackElo "2318"]
[PlyCount "50"]
[EventDate "2010.02.06"]
[EventType "swiss"]
[EventRounds "9"]
[EventCountry "RUS"]
[SourceTitle "CBM 134 Extra"]
[Source "ChessBase"]
[SourceDate "2010.03.03"]
[SourceVersion "1"]
[SourceVersionDate "2010.03.03"]
[SourceQuality "1"]

1. b3 e5 2. Bb2 Nc6 3. Nf3 e4 4. Nd4 Qf6 5. Nxc6 Qxc6 6. e3 Nf6 7. Nc3 a6 8. Ne2 d5 9. d3 Bg4 10. Qd2 0-0-0 11. h3 exd3 12. Nd4 Qb6 13. hxg4 Ne4 14. Qxd3 c5 15. Ne2 c4 16. Qd4 Bc5 17. Qe5 Qa5+ 18. c3 Rhe8 19. Qf5+ Rd7 20. f3 g6 21. Qf4 Bxe3 22. Qxe3 d4 23. Qf4 Nc5 24. b4 Nd3+ 25. Kd2 dxc3+ 0-1

[Event "Nabereznye Chelny op 8th"]
[Site "Nabereznye Chelny"]
[Date "2010.01.23"]
[Round "5"]
[White "Koreschikov, Maxim"]
[Black "Kanter, Eduard"]
[Result "1-0"]
[WhiteElo "2318"]
[BlackElo "2419"]
[PlyCount "67"]
[EventDate "2010.01.19"]
[EventType "swiss"]
[EventRounds "9"]
[EventCountry "RUS"]
[SourceTitle "CBM 134 Extra"]
[Source "ChessBase"]
[SourceDate "2010.03.03"]
[SourceVersion "1"]
[SourceVersionDate "2010.03.03"]
[SourceQuality "1"]

1. d4 Nf6 2. Nf3 g6 3. Nc3 d5 4. Bf4 Bg7 5. h3 0-0 6. e3 b6 7. Nb5 Na6 8. c4 Bb7 9. Rc1 c6 10. Nc3 c5 11. Qa4 cxd4 12. exd4 Nb8 13. c5 bxc5 14. dxc5 Nfd7 15. Qa3 Qc8 16. Be3 d4 17. Nxd4 Qxc5 18. Qxc5 Nxc5 19. b4 Ncd7 20. Ncb5 Na6 21. Nc7 Bxd4 22. Bxd4 Rfc8 23. Bxa6 Bxa6 24. Be3 Ne5 25. Nxa6 Nd3+ 26. Kd2 Rd8 27. Ke2 Nxc1+ 28. Rxc1 Rd7 29. b5 e5 30. a4 f5 31. Nc7 Rc8 32. Bxa7 Rdxc7 33. Rxc7 Rxc7 34. b6 1-0

[Event "Nizhnij Novgorod-ch HL"]
[Site "Nizhnij Novgorod"]
[Date "2009.11.14"]
[Round "?"]
[White "Koreschikov, Maxim"]
[Black "Maneluk, Nikita"]
[Result "0-1"]
[WhiteElo "2307"]
[BlackElo "2152"]
[PlyCount "68"]
[EventDate "2009.11.14"]
[EventType "swiss"]
[EventRounds "9"]
[EventCountry "RUS"]
[SourceTitle "EXT 2022"]
[Source "ChessBase"]
[SourceDate "2021.10.06"]
[SourceVersion "1"]
[SourceVersionDate "2021.10.06"]
[SourceQuality "1"]

1. d4 Nf6 2. Nf3 e6 3. Bg5 h6 4. Bh4 b6 5. e3 Bb7 6. Nbd2 d6 7. Bd3 Be7 8. Qe2 Nbd7 9. e4 Nh5 10. Bg3 c5 11. c3 0-0 12. 0-0-0 cxd4 13. cxd4 a6 14. Kb1 b5 15. Ne1 Nxg3 16. hxg3 Qb6 17. Nef3 Rac8 18. Rh3 Rc7 19. Nb3 Rfc8 20. Rdh1 a5 21. Rh5 e5 22. dxe5 dxe5 23. Nxe5 Nf6 24. Rf5 a4 25. Nd2 a3 26. bxa3 Bxa3 27. Nb3 Qd4 28. Nf3 Qc3 29. Qd2 Nxe4 30. Qxc3 Rxc3 31. Rxb5 Nxf2 32. Rf1 Bxf3 33. gxf3 Nxd3 34. Ra5 Bb4 0-1

[Event "Uljanovsk Privolje op"]
[Site "Uljanovsk"]
[Date "2009.02.02"]
[Round "5"]
[White "Kapustina, Olga"]
[Black "Koreschikov, Maxim"]
[Result "0-1"]
[WhiteElo "2052"]
[BlackElo "2300"]
[PlyCount "76"]
[EventDate "2009.01.31"]
[EventType "swiss"]
[EventRounds "9"]
[EventCountry "RUS"]
[SourceTitle "EXT 2022"]
[Source "ChessBase"]
[SourceDate "2021.10.06"]
[SourceVersion "1"]
[SourceVersionDate "2021.10.06"]
[SourceQuality "1"]

1. d4 g6 2. Nf3 Bg7 3. e3 d6 4. Be2 Nf6 5. 0-0 0-0 6. c4 c6 7. Nc3 Qc7 8. b4 e5 9. Bb2 exd4 10. Nxd4 Nbd7 11. b5 c5 12. Nc2 Nb6 13. a4 Be6 14. Na3 a5 15. Qc2 d5 16. cxd5 Nfxd5 17. Nxd5 Nxd5 18. Bxg7 Kxg7 19. Rac1 b6 20. Nc4 Rad8 21. Rfd1 f6 22. e4 Nb4 23. Qb2 Bxc4 24. Bxc4 Qe5 25. Qxe5 fxe5 26. f3 Kf6 27. Kf2 Ke7 28. Ke2 g5 29. Rxd8 Rxd8 30. Rd1 Rd4 31. Rc1 g4 32. Ke3 gxf3 33. gxf3 Kf6 34. Ke2 Ke7 35. Ke3 Kd6 36. Ke2 Ke7 37. Rd1 Kd6 38. Rc1 Ke7 0-1

[Event "Uljanovsk Privolje op"]
[Site "Uljanovsk"]
[Date "2009.01.31"]
[Round "2"]
[White "Koreschikov, Maxim"]
[Black "Kochetkov, Iliya"]
[Result "0-1"]
[WhiteElo "2300"]
[BlackElo "2086"]
[PlyCount "143"]
[EventDate "2009.01.31"]
[EventType "swiss"]
[EventRounds "9"]
[EventCountry "RUS"]
[SourceTitle "EXT 2022"]
[Source "ChessBase"]
[SourceDate "2021.10.06"]
[SourceVersion "1"]
[SourceVersionDate "2021.10.06"]
[SourceQuality "1"]

1. d4 d5 2. Nf3 Nf6 3. c4 e6 4. Nc3 Be7 5. Bg5 0-0 6. e3 Nbd7 7. Qc2 c6 8. cxd5 cxd5 9. Bd3 a6 10. a4 b6 11. 0-0 Bb7 12. Bf4 Rc8 13. Qe2 Ra8 14. h3 Re8 15. Rfc1 Nf8 16. a5 bxa5 17. Na4 Bd6 18. Bxd6 Qxd6 19. Nc5 Reb8 20. Rxa5 Qb6 21. Rca1 Bc8 22. R1a2 Ra7 23. Ne5 N8d7 24. Nexd7 Nxd7 25. Nxa6 Rba8 26. R5a3 e5 27. Bb5 Bxa6 28. Bxa6 exd4 29. exd4 Qxd4 30. Bb5 Nf6 31. Rxa7 Rxa7 32. Rxa7 Qxa7 33. Bd3 Qc5 34. Qe5 Qb4 35. g4 h6 36. Kg2 d4 37. Qc7 Qf8 38. Bc4 Qe8 39. b4 Nd7 40. Qf4 Nb6 41. Qxd4 Qc6+ 42. Kg1 Nxc4 43. Qd8+ Kh7 44. Qe7 Qe6 45. Qc5 Qe1+ 46. Kg2 Qe4+ 47. Kg1 Ne5 48. b5 Nf3+ 49. Kf1 Nd4 50. Kg1 Qb1+ 51. Kg2 Nxb5 52. Qd5 f6 53. Kg3 Nc3 54. Qc4 Qc2 55. Kf3 Qd1+ 56. Ke3 Nd5+ 57. Ke4 Ne7 58. Kf4 Ng6+ 59. Ke3 Qe1+ 60. Qe2 Qxe2+ 61. Kxe2 Nf4+ 62. Kf3 Nxh3 63. Kg3 Ng5 64. f4 Nf7 65. Kh4 g5+ 66. fxg5 hxg5+ 67. Kh5 f5 68. gxf5 Kg7 69. Kg4 Kf6 70. Kh5 Ne5 71. Kh6 Kxf5 72. Kh5 0-1

[Event "Anapa U18"]
[Site "Anapa"]
[Date "2007.08.??"]
[Round "8"]
[White "Gutenev, Alexander"]
[Black "Koreschikov, Maxim"]
[Result "0-1"]
[WhiteElo "2235"]
[BlackElo "2305"]
[PlyCount "74"]
[EventDate "2007.08.25"]
[EventType "swiss"]
[EventRounds "9"]
[EventCountry "RUS"]
[SourceTitle "EXT 2022"]
[Source "ChessBase"]
[SourceDate "2021.10.06"]
[SourceVersion "1"]
[SourceVersionDate "2021.10.06"]
[SourceQuality "1"]

1. e4 c5 2. Nf3 Nc6 3. d4 cxd4 4. Nxd4 e5 5. Nb5 d6 6. c4 Be7 7. N1c3 a6 8. Na3 Be6 9. Nc2 Bg5 10. Bxg5 Qxg5 11. h4 Qh6 12. Ne3 Nd4 13. Qd2 Ne7 14. 0-0-0 Rc8 15. Kb1 0-0 16. Bd3 b5 17. cxb5 axb5 18. Nxb5 Ra8 19. a3 Bb3 20. Rc1 Rfb8 21. Nxd4 exd4 22. Nf1 Qe6 23. Ng3 d5 24. Rhe1 Qb6 25. Nf5 Nxf5 26. exf5 Rxa3 27. Re8+ Rxe8 28. bxa3 Bc4+ 29. Ka1 Ra8 30. Bxc4 dxc4 31. Qb2 Qc5 32. Ka2 c3 33. Qb3 Qxf5 34. f3 Qc5 35. Rd1 d3 36. Rc1 d2 37. Rxc3 Qxc3 0-1

[Event "Anapa U18"]
[Site "Anapa"]
[Date "2007.08.??"]
[Round "3"]
[White "Koreschikov, Maxim"]
[Black "Aldokhin, Ivan"]
[Result "1/2-1/2"]
[WhiteElo "2305"]
[BlackElo "2208"]
[PlyCount "58"]
[EventDate "2007.08.25"]
[EventType "swiss"]
[EventRounds "9"]
[EventCountry "RUS"]
[SourceTitle "EXT 2022"]
[Source "ChessBase"]
[SourceDate "2021.10.06"]
[SourceVersion "1"]
[SourceVersionDate "2021.10.06"]
[SourceQuality "1"]

1. d4 Nf6 2. c4 e6 3. Nf3 b6 4. a3 Bb7 5. Nc3 g6 6. Qc2 Bxf3 7. exf3 Bg7 8. Be3 Nc6 9. Rd1 0-0 10. h4 Ne7 11. g4 d5 12. h5 dxc4 13. Bxc4 Nfd5 14. Qe4 Nxc3 15. bxc3 Nd5 16. hxg6 hxg6 17. Bxd5 Qxd5 18. Qf4 Qd6 19. Qg5 Qd8 20. Qf4 Qd6 21. Ke2 Rfe8 22. Qxd6 cxd6 23. c4 Rac8 24. Kd3 Rc6 25. Rc1 Rec8 26. a4 d5 27. cxd5 Rxc1 28. Rxc1 Rxc1 29. Bxc1 exd5 1/2-1/2

[Event "Anapa U18"]
[Site "Anapa"]
[Date "2007.08.??"]
[Round "5"]
[White "Koreschikov, Maxim"]
[Black "Gusarov, Grigory"]
[Result "1/2-1/2"]
[WhiteElo "2305"]
[BlackElo "2153"]
[PlyCount "112"]
[EventDate "2007.08.25"]
[EventType "swiss"]
[EventRounds "9"]
[EventCountry "RUS"]
[SourceTitle "EXT 2022"]
[Source "ChessBase"]
[SourceDate "2021.10.06"]
[SourceVersion "1"]
[SourceVersionDate "2021.10.06"]
[SourceQuality "1"]

1. d4 d5 2. c4 c6 3. Nf3 Nf6 4. e3 a6 5. Nc3 b5 6. b3 Bf5 7. Be2 e6 8. Nh4 Bb4 9. Bd2 Bxc3 10. Bxc3 Ne4 11. Nxf5 Nxc3 12. Qc2 Nxe2 13. Nxg7+ Kf8 14. Nh5 Nxd4 15. exd4 Qa5+ 16. Ke2 bxc4 17. Qc1 Nd7 18. Qf4 cxb3 19. Qd6+ Ke8 20. Qxc6 Qb5+ 21. Qxb5 axb5 22. axb3 Ke7 23. f3 Rhc8 24. Kd2 Kd6 25. Nf4 Nb6 26. Nd3 Rxa1 27. Rxa1 Ra8 28. Rxa8 Nxa8 29. g4 Nc7 30. g5 Ke7 31. h4 Ne8 32. Ne5 Nd6 33. Kc3 Nf5 34. h5 f6 35. Nc6+ Kf7 36. Nd8+ Ke7 37. Nc6+ Kf7 38. f4 Ng3 39. Nd8+ Ke7 40. g6 hxg6 41. h6 Kf8 42. Nxe6+ Kg8 43. Kb4 Nf5 44. Kxb5 Nxh6 45. Kc6 Kf7 46. Kd7 Nf5 47. b4 Ne3 48. b5 Nc4 49. Nc7 g5 50. fxg5 fxg5 51. Nxd5 g4 52. Nf4 Kf6 53. Kc7 Kf5 54. b6 Na5 55. b7 Nxb7 56. Kxb7 Kxf4 1/2-1/2

[Event "Voronezh op-A"]
[Site "Voronezh"]
[Date "2006.06.21"]
[Round "9"]
[White "Poluektov, Yury"]
[Black "Koreschikov, Maxim"]
[Result "1-0"]
[WhiteElo "2318"]
[BlackElo "2248"]
[PlyCount "111"]
[EventDate "2006.06.12"]
[EventType "swiss"]
[EventRounds "9"]
[EventCountry "RUS"]
[SourceTitle "CBM 112 Extra"]
[Source "ChessBase"]
[SourceDate "2006.07.14"]
[SourceVersion "1"]
[SourceVersionDate "2006.07.14"]
[SourceQuality "1"]

1. d4 Nf6 2. Nf3 d5 3. c3 Bf5 4. Qb3 Qc8 5. Bf4 e6 6. e3 Be7 7. c4 0-0 8. Nc3 c6 9. Be2 Nbd7 10. 0-0 Nh5 11. Bg5 f6 12. Bh4 g5 13. Bg3 Nxg3 14. hxg3 Kg7 15. Rac1 Nb6 16. Nd2 dxc4 17. Nxc4 Nd5 18. Rfd1 Nxc3 19. Qxc3 Qd7 20. b4 Rac8 21. Nd2 Rfd8 22. Qb3 Qd6 23. a3 b5 24. Bd3 a5 25. Bxf5 exf5 26. bxa5 Qxa3 27. Qe6 Bb4 28. Nb3 Rc7 29. Ra1 Re7 30. Nc5 Bxc5 31. Qxc6 Qb4 32. Rdb1 Qc4 33. Qxc5 Qxc5 34. dxc5 Rb8 35. a6 Ra7 36. c6 Kf7 37. Ra5 b4 38. Kf1 Ke6 39. Ke2 Rb6 40. Rc5 Kd6 41. Rxf5 Ke6 42. Rc5 Kd6 43. c7 Rxc7 44. Rxc7 Kxc7 45. a7 Ra6 46. Rxb4 Rxa7 47. g4 Kd6 48. Re4 Ra8 49. Kf3 Kd5 50. Rb4 Ra7 51. Rb6 Ke5 52. Kg3 Rf7 53. f4+ Ke4 54. Re6+ Kd3 55. Kf3 gxf4 56. exf4 1-0

[Event "Voronezh op-A"]
[Site "Voronezh"]
[Date "2006.06.20"]
[Round "8"]
[White "Koreschikov, Maxim"]
[Black "Lutsko, Igor"]
[Result "0-1"]
[WhiteElo "2248"]
[BlackElo "2471"]
[PlyCount "81"]
[EventDate "2006.06.12"]
[EventType "swiss"]
[EventRounds "9"]
[EventCountry "RUS"]
[SourceTitle "CBM 112 Extra"]
[Source "ChessBase"]
[SourceDate "2006.07.14"]
[SourceVersion "1"]
[SourceVersionDate "2006.07.14"]
[SourceQuality "1"]

1. d4 f5 2. g3 Nf6 3. Bg2 g6 4. Nh3 d6 5. 0-0 Bg7 6. d5 c5 7. Nf4 Na6 8. h4 Nc7 9. c4 Rb8 10. a4 0-0 11. Ra3 Ng4 12. Rb3 Bd7 13. Ra3 b6 14. Nd2 Ne5 15. Qc2 a6 16. Nf3 Qe8 17. Ng5 Kh8 18. e4 b5 19. axb5 axb5 20. Ra7 Qc8 21. Rxc7 Qxc7 22. Nfe6 Qa5 23. f4 Bxe6 24. Nxe6 Ng4 25. h5 Bd4+ 26. Kh1 Rf6 27. Bf3 Qa2 28. exf5 gxh5 29. cxb5 Qa5 30. Be2 Rg8 31. Ng5 Qa8 32. Bc4 Nh6 33. Qe2 Nxf5 34. Kg2 Qe8 35. Rh1 h4 36. Bd3 Nxg3 37. Rxh4 Rxg5 38. Rxh7+ Kg8 39. Qe1 Rgg6 40. Kf3 Kxh7 41. Qxg3 0-1

[Event "Voronezh op-A"]
[Site "Voronezh"]
[Date "2006.06.18"]
[Round "6"]
[White "Koreschikov, Maxim"]
[Black "Andreikin, Dmitry"]
[Result "0-1"]
[WhiteElo "2248"]
[BlackElo "2481"]
[PlyCount "120"]
[EventDate "2006.06.12"]
[EventType "swiss"]
[EventRounds "9"]
[EventCountry "RUS"]
[SourceTitle "CBM 112 Extra"]
[Source "ChessBase"]
[SourceDate "2006.07.14"]
[SourceVersion "1"]
[SourceVersionDate "2006.07.14"]
[SourceQuality "1"]

1. d4 Nf6 2. c4 e6 3. Nf3 b6 4. a3 Bb7 5. Nc3 g6 6. Qc2 Bg7 7. e4 d6 8. Be2 c5 9. d5 0-0 10. 0-0 Re8 11. dxe6 Rxe6 12. Bg5 h6 13. Bxf6 Bxf6 14. Nd5 Nc6 15. Bd3 Bg7 16. Rab1 Qd7 17. Qd2 Rf8 18. b4 Kh8 19. b5 Ne7 20. Rfe1 Nxd5 21. exd5 Rxe1+ 22. Rxe1 Re8 23. Rxe8+ Qxe8 24. Qe2 Qd8 25. h4 Bc8 26. h5 g5 27. Nd2 g4 28. Qe3 f5 29. Nf1 Qf8 30. Ng3 Bd4 31. Qe2 Be5 32. Nf1 Qf7 33. Bc2 Qxh5 34. Qd3 Kg7 35. Ne3 Kf6 36. g3 Qg5 37. Ng2 Qc1+ 38. Kh2 Qg5 39. Qe3 h5 40. Nf4 h4 41. Kg2 Qh6 42. a4 Bd7 43. Bb1 Bd4 44. Qe2 Qh8 45. Qd2 hxg3 46. fxg3 Qe8 47. Ne6 Qh5 48. Nf4 Qh8 49. Bd3 Kf7 50. Qc1 Be5 51. Qe3 Bd4 52. Qc1 Bf6 53. Qc2 Qh7 54. Qe2 Qh6 55. Qc2 Qg5 56. Qb1 Bg7 57. Qh1 Bh6 58. Kf2 Qf6 59. Qh5+ Kg7 60. Ne6+ Bxe6 0-1